00768nam a2200241Ia 45000010006000000050017000060070003000230080041000260400025000670410008000920820018001001000031001182450087001492500014002362600038002503000019002886530019003076530021003266530023003479420012003709520127003829990017005093950120240114002055.0ta070825s1957 g b000 u 098 u aCotton College,Assam a098 a297bSy 26 Ul aMayan, Maulna Syed Mohd. . 0aUlema-E-hind Ka Sandar Mazi Part II /cMaulna Syed Mohd. Mayan.hTextual Documents a1st ed. / aDelhi :bm.Brothers pub. ,c1957. a184p. ;c22cm. aReligion-Islam aIslamic Religion aG-Arabic & Persian 2ddccBK 001040708Circulation (G)aSKBLbSKBLd2012-02-01f00000l0o297 Sy 26 Ulp38572r2024-01-14 00:00:00t1w2012-02-01yBK c39473d39473